000
00402nam a22001217a 4500
003
SGT
082
_a
080
_b
S90S
100
_a
शर्मा, रामविलास
245
_a
सन सत्त्वान की राज्य क्रांति और मार्क्सवाद
260
_b
लोकभारती प्रकाशन
_c
1990
300
_a
551
942
_2
ddc
_c
BK
999
_c
31537
_d
31537